000 00444nam a2200145Ia 4500
003 OSt
005 20260331151721.0
008 211028s2011 xx 000 0 und d
040 _cAIMIT LIBRARY
041 _aeng
100 _aDesai, Shankar Komar;Wright, Rowena.
_g916069
_96830
245 _aA study to identify the potential Franchisee for St George homoeopathy Mangalore /
260 _aMangalore
_bWright, Rowena
_c2011
942 _2ddc
_cPRO
999 _c218400
_d218400